000 00613nam a2200169Ia 4500
008 090711s9999 xx 000 0 und d
082 _b1585
100 _aसोनग्रा रतनलाल
245 _aआमSाी Sाळवळ आमSाी माणस
260 _bआनंद प्रकाशन
_c1998
300 _a141
600 _aसोनग्रा रतनलाल
630 _aआमSाी Sाळवळ आमSाी माणस
700 _aसोनग्रा रतनलाल
730 _aआमSाी Sाळवळ आमSाी माणस
942 _cBOOK
999 _c334465
_d334465